Meister der polnischen Ekstraklasa von 1969/70 bis 2022/23 - Statistiken

Allgemein
  • Dieses Quiz wurde 58 mal gespielt
    24 seit der letzten Aktualisierung
  • Das Durchschnittsergebnis liegt bei 39 aus 55
Antwortstatistiken
Hint Antwort % Korrekt
20/21 Legia Warszawa
100%
19/20 Legia Warszawa
100%
17/18 Legia Warszawa
100%
16/17 Legia Warszawa
100%
15/16 Legia Warszawa
100%
13/14 Legia Warszawa
100%
12/13 Legia Warszawa
100%
05/06 Legia Warszawa
100%
01/02 Legia Warszawa
100%
94/95 Legia Warszawa
100%
93/94 Legia Warszawa
100%
69/70 Legia Warszawa
100%
21/22 Lech Poznań
89%
14/15 Lech Poznań
89%
09/10 Lech Poznań
89%
92/93 Lech Poznań
89%
91/92 Lech Poznań
89%
89/90 Lech Poznań
89%
83/84 Lech Poznań
89%
82/83 Lech Poznań
89%
10/11 Wisła Kraków
84%
08/09 Wisła Kraków
84%
07/08 Wisła Kraków
84%
04/05 Wisła Kraków
84%
03/04 Wisła Kraków
84%
02/03 Wisła Kraków
84%
00/01 Wisła Kraków
84%
98/99 Wisła Kraków
84%
77/78 Wisła Kraków
84%
87/88 Górnik Zabrze
68%
86/87 Górnik Zabrze
68%
85/86 Górnik Zabrze
68%
84/85 Górnik Zabrze
68%
71/72 Górnik Zabrze
68%
70/71 Górnik Zabrze
68%
11/12 Śląsk Wrocław
63%
76/77 Śląsk Wrocław
63%
23/24 Jagiellonia Białystok
58%
96/97 Widzew Łódź
53%
95/96 Widzew Łódź
53%
81/82 Widzew Łódź
53%
80/81 Widzew Łódź
53%
99/00 Polonia Warszawa
47%
88/89 Ruch Chorzów
47%
78/79 Ruch Chorzów
47%
74/75 Ruch Chorzów
47%
73/74 Ruch Chorzów
47%
22/23 Raków Częstochowa
42%
06/07 Zagłębie Lubin
42%
18/19 Piast Gliwice
37%
97/98 ŁKS Łódź
26%
90/91 Zagłębie Lubin
26%
75/76 Stal Mielec
21%
79/80 Szombierki Bytom
16%
72/73 Stal Mielec
5%
Keine übereinstimmenden Quizze gefunden
Verteilung der Resultate
Anzahl Personen mit jedem Resultat
Perzentil nach korrekt beantworteten Fragen
Ihre Resultats-Entwicklung
Sie haben dieses Quiz seit der letzten Aktualisierung nicht gespielt